Normal view
MARC view
- Teixeira, Arthur A.
Entry Personal Name
001 - CONTROL NUMBER
- control field: 5204
003 - CONTROL NUMBER IDENTIFIER
- control field: OSt
005 - DATE AND TIME OF LATEST TRANSACTION
- control field: 20220617141407.0
008 - FIXED-LENGTH DATA ELEMENTS
- fixed length control field: 220617|| aca||aabn | a|a d
040 ## - CATALOGING SOURCE
- Original cataloging agency: OSt
- Transcribing agency: OSt
100 ## - HEADING--PERSONAL NAME
- Personal name: Teixeira, Arthur A.
670 ## - SOURCE DATA FOUND
- Source citation: Work cat.: (OSt)14016: Figura, Ludger O. 5203, Food physics :, c2007.
